000
00318nam a2200133Ia 4500
008
100328s9999 xx 000 0 und d
082
_b
72492
100
_a
गोडबोले अशोक.
245
_a
शँकी
260
_b
नवल
630
_a
शँकी
730
_a
शँकी
942
_c
BOOK
999
_c
558213
_d
558210